000 00822nam a2200205Ii 4500
003 JO-AjNU
008 230605s9999||||xx |||||||||||||| ||und||
040 _aJO-AjNU
_bara
_erda
_cJO-AjNU
041 _aara
050 1 4 _aK2205.4.N322.1997
100 3 _a النداوي ، آدم وهيب ,
_eauthor
_98636
245 0 0 _aمدى سلطة المحكمة المدنية في تعديل نطاق الدعوى " دراسة تأصيلية مقارنة في قانون المرافعات "
250 _aط1
264 3 1 _aعمان : مكتبة دار الثقافة ، 1997
300 _a460ص
336 _atext
_btxt
_2rdacontent
337 _aunmediated
_bn
_2rdamedia
338 _avolume
_bnc
_2rdacarrier
650 4 _aالدعوى المدنية -- العراق -- المحاكمات المدنية -- العراق
_98637
999 _aA890
_c4458
_d4458